Chaudri's compilation of the civil service regulations. V 2. Pt 1 and II (Record no. 44989)

MARC details
000 -LEADER
fixed length control field 00436nam a2200145Ia 4500
082 ## - DEWEY DECIMAL CLASSIFICATION NUMBER
Classification number 347
Item number CHA.2;1
100 ## - MAIN ENTRY--AUTHOR NAME
Personal name Lakhi Singh Chaudhuri K
245 #0 - TITLE STATEMENT
Title Chaudri's compilation of the civil service regulations. V 2. Pt 1 and II
250 ## - EDITION STATEMENT
Edition statement Ed.11
260 ## - PUBLICATION, DISTRIBUTION, ETC. (IMPRINT)
Place of publication Hoshiarpur
Name of publisher S Lakhi Singh Chaudhuri
Year of publication 1979
650 ## - SUBJECT ADDED ENTRY--TOPICAL TERM
Topical Term Civil service regulation
700 ## - ADDED ENTRY--PERSONAL NAME
Personal name Satya Chaudri
942 ## - ADDED ENTRY ELEMENTS (KOHA)
Koha item type Books
Holdings
Withdrawn status Lost status Damaged status Not for loan Collection code Home library Current library Date acquired Cost, normal purchase price Full call number Accession Number Koha item type
        Out of station RRII Library RRII Library 16/12/2021 13.00 347 CHA.2;1 Z00105 Books